KFZ-Kennzeichen Hessen - Statistiken

Allgemein
  • Dieses Quiz wurde 202 mal gespielt
  • Das Durchschnittsergebnis liegt bei 23 aus 43
Antwortstatistiken
Hint Antwort % Korrekt
F Frankfurt
99%
DA Darmstadt
94%
GI Gießen
92%
OF Offenbach
92%
KS Kassel
88%
WI Wiesbaden
85%
MTK Main-Taunus-Kreis
80%
FD Fulda
79%
LM Limburg
77%
RÜD Rüdesheim
76%
GG Groß-Gerau
74%
MKK Main-Kinzig-Kreis
71%
LDK Lahn-Dill-Kreis
70%
MR Marburg
70%
FB Friedberg
67%
DIL Dillenburg
64%
HU Hanau
64%
ESW Eschwege
60%
BÜD Büdingen
58%
DI Dieburg
56%
HP Heppenheim
56%
WZ Wetzlar
54%
VB Vogelsberg
53%
USI Usingen
50%
ERB Erbach
49%
SLÜ Schlüchtern
45%
HEF Bad Hersfeld
43%
FZ Fritzlar
42%
GN Gelnhausen
42%
HG Bad Homburg
41%
KB Korbach
41%
FKB Frankenberg
39%
BID Biedenkopf
32%
WIZ Witzenhausen
30%
HOG Hofgeismar
27%
WA Waldeck
24%
WEL Weilburg
24%
ROF Rotenburg an der Fulda
22%
ZIG Ziegenhain
22%
HR Homberg
18%
MEG Melsungen
18%
SWA Bad Schwalbach
17%
WOH Wolfhagen
13%
Keine übereinstimmenden Quizze gefunden
Verteilung der Resultate
Anzahl Personen mit jedem Resultat
Perzentil nach korrekt beantworteten Fragen
Ihre Resultats-Entwicklung
Sie haben dieses Quiz noch nicht gespielt